Победители РПЛ 1991-2020 - Statistics

General Stats
  • This quiz has been taken 4 016 times
  • The average score is 27 of 29
Answer Stats
Год Ответ % Correct
2019-20 Зенит
98%
2018-19 Зенит
98%
2016-17 Спартак
98%
2014-15 Зенит
98%
2011-12 Зенит
98%
2010 Зенит
98%
2007 Зенит
98%
2001 Спартак
98%
2000 Спартак
98%
1999 Спартак
98%
1998 Спартак
98%
1997 Спартак
98%
1996 Спартак
98%
1994 Спартак
98%
1993 Спартак
98%
1992 Спартак
98%
2015-16 ЦСКА
95%
2013-14 ЦСКА
95%
2012-13 ЦСКА
95%
2006 ЦСКА
95%
2005 ЦСКА
95%
2003 ЦСКА
95%
1991 ЦСКА
95%
2017-18 Локомотив
86%
2004 Локомотив
86%
2002 Локомотив
86%
2009 Рубин
68%
2008 Рубин
68%
1995 Алания
43%
No matching quizzes found
Score Distribution
Percent of People with Each Score
Percentile by Number Answered
Your Score History
You have not taken this quiz